Witamy w Bibliotece Naukowej Instytutu Łączności!

Peredaca informacii v setjach s kommutaciej soobscenij / (Rekord nr 8260)

000 -LEADER
fixed length control field 00382 a2200109 4500
100 1# - MAIN ENTRY--PERSONAL NAME
Personal name Mizin, I.A..
Relator term Autor
245 0# - TITLE STATEMENT
Title Peredaca informacii v setjach s kommutaciej soobscenij /
Statement of responsibility, etc Mizin I.A., Urinson L.S., Chramesin G.K..
260 ## - PUBLICATION, DISTRIBUTION, ETC. (IMPRINT)
Place of publication, distribution, etc Moskva :
Name of publisher, distributor, etc "Svjaz' ",
Date of publication, distribution, etc 1972.
300 ## - PHYSICAL DESCRIPTION
Extent 318 s.;
Dimensions 24 cm.
700 1# - ADDED ENTRY--PERSONAL NAME
Personal name Urinson, L.S..
Relator term Autor
700 1# - ADDED ENTRY--PERSONAL NAME
Personal name Chramesin, G.K..
Relator term Autor
710 2# - ADDED ENTRY--CORPORATE NAME
Corporate name or jurisdiction name as entry element "Svjaz' ".
Relator term Wydawca
Relator code pbl

Brak dostępnych egzemplarzy.

Działa dzięki Koha